ABC of eyes / (Record no. 616371)

000 -LEADER
fixed length control field 01783nam a2200337 4500
020 ## - INTERNATIONAL STANDARD BOOK NUMBER
International Standard Book Number 0727912623
040 ## - CATALOGING SOURCE
Transcribing agency PAK - NSHS NUST
082 0# - DEWEY DECIMAL CLASSIFICATION NUMBER
Classification number 617.7
Author Mark KHA
100 1# - MAIN ENTRY--PERSONAL NAME
Personal name Khaw, Peng Tee
9 (RLIN) 133418
245 0# - TITLE STATEMENT
Title ABC of eyes /
Statement of responsibility, etc. Peng Tee Khaw.
250 ## - EDITION STATEMENT
Edition statement 3rd Edition.
260 3# - PUBLICATION, DISTRIBUTION, ETC.
Place of publication, distribution, etc. London:
Name of publisher, distributor, etc. BMJ Books,
Date of publication, distribution, etc. 1991.
300 ## - PHYSICAL DESCRIPTION
Extent 61 pages;
Other physical details illustrations:
Dimensions 29.5 cm.
440 ## - SERIES STATEMENT/ADDED ENTRY--TITLE
Title ABC of eyes /
9 (RLIN) 133419
500 ## - GENERAL NOTE
General note DC010226
520 ## - SUMMARY, ETC.
Summary, etc. ABC of Eyes is a practical and concise guide to common eye conditions, designed primarily for general practitioners, medical students, and primary care providers. It presents clear explanations of eye anatomy, examination techniques, and the recognition and management of frequently encountered disorders such as conjunctivitis, cataract, glaucoma, age-related macular degeneration, and diabetic retinopathy. The book emphasizes early diagnosis, appropriate referral, and basic treatment principles, using illustrations and clinical photographs to support learning. Its straightforward, case-based approach makes it a useful resource for improving confidence in assessing eye complaints in everyday clinical practice.
546 ## - LANGUAGE NOTE
Language note In english.
600 ## - SUBJECT ADDED ENTRY--PERSONAL NAME
Personal name Khaw, Peng Tee
9 (RLIN) 133418
650 ## - SUBJECT ADDED ENTRY--TOPICAL TERM
Topical term or geographic name entry element Eye
Form subdivision Diseases.
9 (RLIN) 133921
650 ## - SUBJECT ADDED ENTRY--TOPICAL TERM
Topical term or geographic name entry element Ophthalmology.
Form subdivision Examination.
9 (RLIN) 133922
650 ## - SUBJECT ADDED ENTRY--TOPICAL TERM
Topical term or geographic name entry element Eye
9 (RLIN) 133900
650 ## - SUBJECT ADDED ENTRY--TOPICAL TERM
Topical term or geographic name entry element Eye - -
Form subdivision Diseases.
General subdivision Diagnosis.
9 (RLIN) 133923
650 ## - SUBJECT ADDED ENTRY--TOPICAL TERM
Topical term or geographic name entry element Eye
Form subdivision Diseases.
9 (RLIN) 133924
650 ## - SUBJECT ADDED ENTRY--TOPICAL TERM
Topical term or geographic name entry element Eye Diseases
General subdivision diagnosis.
9 (RLIN) 126547
650 ## - SUBJECT ADDED ENTRY--TOPICAL TERM
Topical term or geographic name entry element Eye
Form subdivision Diseases
General subdivision Therapy.
9 (RLIN) 133925
650 ## - SUBJECT ADDED ENTRY--TOPICAL TERM
Topical term or geographic name entry element Ophthalmology
Form subdivision Handbooks,
General subdivision manuals, etc.
9 (RLIN) 133926
650 ## - SUBJECT ADDED ENTRY--TOPICAL TERM
Topical term or geographic name entry element Eye -
Form subdivision Diseases
General subdivision Treatment.
9 (RLIN) 133927
700 1# - ADDED ENTRY--PERSONAL NAME
Personal name Elkigton, A R
9 (RLIN) 133928
942 ## - ADDED ENTRY ELEMENTS (KOHA)
Source of classification or shelving scheme
Koha item type Book
Holdings
Withdrawn status Lost status Source of classification or shelving scheme Damaged status Not for loan Permanent Location Current Location Shelving location Date acquired Source of acquisition Cost, normal purchase price Total Checkouts Full call number Barcode Date last seen Cost, replacement price Price effective from Koha item type Public note
        In Processing NUST School of Health Sciences (NSHS) NUST School of Health Sciences (NSHS) General Stacks 04/07/2026 Donation. 1300.00   617.7 KHA NSHS-2153 04/07/2026 2600.00 04/07/2026 Book Donation from Miss Nazia Javed dated 16th Feb 2026.
© 2023 Central Library, National University of Sciences and Technology. All Rights Reserved.